[Event "HUN-chT 2018-19"]
[Site "Szombathely"]
[Date "2019.04.27"]
[Round "8.29"]
[White "Kopasz, Robert"]
[Black "Cabarkapa, Novak"]
[Result "0-1"]
[WhiteElo "2320"]
[BlackElo "2432"]
[Annotator "TA"]
[PlyCount "90"]
[EventDate "2018.11.16"]
[EventType "team-tourn"]
[EventCountry "HUN"]
[SourceTitle "playchess.com"]
[Source "ChessBase"]
[SourceQuality "1"]

{[%evp 9,90,5,21,31,27,11,23,22,16,0,3,0,19,22,43,41,80,62,53,39,16,0,8,-63,-37,-45,-58,-127,-131,-130,-171,-306,-285,-356,-32,-23,21,0,16,0,0,-75,-71,-251,-261,-426,-408,-347,-109,-123,-133,-133,-49,-50,-54,-97,-84,-94,-87,-225,-113,-121,-106,-166,-170,-255,-74,-209,-214,-359,-359,-353,-342,-449,-162,-381,-372,-497,-497,-810,-1007,-1008,-1012]} 1. c4 g6 2. Nc3 Bg7 3. g3 e5 4. Bg2 d6 5. e3 Nh6 6. Nge2 {A21: English Opening: 1...e5 2 Nc3} O-O 7. b3 $146 ({Predecessor:} 7. O-O f5 8. d3 c6 9. f4 Nd7 10. a3 a5 11. Qc2 Nf7 12. b3 Nf6 13. Bb2 Ng4 {½-½ (116) Beck,F (1414)-Ellert,S (1464) Magdeburg 2018}) 7... c6 8. O-O {White has an edge.} f5 9. Bb2 Nd7 10. d3 g5 11. f4 Ng4 12. Qd2 h5 13. h3 Nh6 14. e4 (14. Rad1 {looks sharper.} exf4 15. exf4 g4 16. h4 Qa5 17. d4) 14... exf4 15. gxf4 g4 16. exf5 ({White should play} 16. hxg4 $11 Nxg4 17. Rf3) 16... Nxf5 17. hxg4 hxg4 {And now ...Qh4 would win.} 18. Ne4 (18. Be4 $1 $15) 18... Bxb2 $17 19. Qxb2 Qh4 $1 20. Qd2 (20. Rae1 $142) 20... Nf6 $1 $19 (20... g3 21. N2xg3 Nxg3 22. Rf3 $19) 21. Qe1 {[#]} Qh6 $2 ({Black should try} 21... g3 $1 $19 {[%csl Gg3][%cal Rh4h2][%mdl 512]} 22. Nxf6+ (22. N2xg3 Ng4) 22... Rxf6 23. Nxg3 Qxg3 24. Qxg3+ Nxg3) 22. N2g3 $15 Nd4 {Hoping for ...Nc2.} 23. Qf2 Nxe4 24. Bxe4 Qh8 25. f5 {[#]} (25. Rae1 $11 {remains equal.}) 25... Bxf5 $1 $17 {[%mdl 512]} 26. Nxf5 $2 (26. Qh2 $17 Be6 27. Rae1) (26. Bxf5 Nf3+) 26... Rxf5 $19 27. Qg2 $2 (27. Qh2 Rh5 28. Qxd6) 27... Rg5 $1 28. Rae1 (28. Qf2 {gets mated.} Nf3+ 29. Qxf3 gxf3+ 30. Kf2 Rg2+ 31. Ke3 Qh6+ 32. Kxf3 Qh3+ 33. Kf4 Qg3+ 34. Kf5 Qe5#) 28... Qh4 $2 (28... Qg7 $19 {and Black stays clearly on top. Strongly threatening ...Nf3+!} 29. Qh2 Nf3+ 30. Bxf3 gxf3+ 31. Kh1 Rf8) 29. Qh2 $17 Qxh2+ $1 30. Kxh2 Kg7 (30... d5 $17 31. Bg2 g3+ 32. Kg1 Rf8) 31. Kg3 $1 $15 Rh8 $36 {[%mdl 2048] Threatens to win with ...Rh3+. Black has good play.} 32. Bg2 Nf5+ $1 33. Kf4 {[#]} Kf6 $1 34. Rh1 (34. Re6+ $17 {was worth a try.} Kxe6 35. Kxg5 Rg8+ 36. Kf4) 34... Rf8 ({Better is} 34... Rhg8 $19 35. Reg1 g3) 35. Be4 g3 {...g2 is the strong threat.} 36. Reg1 (36. Bxf5 $17 Rxf5+ 37. Kxg3) 36... Rfg8 $19 37. Rh3 (37. Rh7 $142) 37... Nd4 $2 (37... Rg4+ $19 {has better winning chances.} 38. Kf3 Nh4+ 39. Ke2 g2) 38. Ke3 (38. Rh6+ $17 {is the only way for White.} Ke7 39. Ke3 Nf5+ 40. Bxf5 Rxf5 41. Rh7+ Kf6 42. Rh6+ Kf7 43. Rh7+ Ke6 44. Rg2) 38... Ke5 39. Rh7 (39. Kd2 $142) 39... d5 40. cxd5 cxd5 41. Bg2 R8g7 $2 (41... Rf8 42. Rc7 Rf2 43. Re7+ {[#]} Kd6 $1 {[%mdl 512]} 44. Kxd4 Rg4+ 45. Kc3 d4+ 46. Kb4 Kxe7 47. Bxb7 Kd6) 42. Rxg7 $2 (42. Rh8) 42... Nf5+ (42... Rxg7 43. Bh3 $19) 43. Kf3 Nh4+ {Black is clearly winning.} ({Not} 43... Nxg7 44. Bh3 $17) 44. Ke3 (44. Ke2 $142 Rxg7 45. d4+ {[%mdl 64] Decoy} Kxd4 46. Rd1+ Ke5 47. Kf1) 44... Nxg2+ ({Weaker is} 44... Rxg7 45. d4+ Kd6 46. Bh3 $17) 45. Rxg2 Rxg7 {Accuracy: White = 26%, Black = 39%.} 0-1

[Event "HUN-chT 2018-19"]
[Site "Szombathely"]
[Date "2019.04.27"]
[Round "8.30"]
[White "Farkas, Tibor"]
[Black "Tubak, Daniel"]
[Result "1-0"]
[WhiteElo "2310"]
[BlackElo "2244"]
[Annotator "ChessBase"]
[PlyCount "71"]
[EventDate "2018.11.16"]
[EventType "team-tourn"]
[EventCountry "HUN"]
[SourceTitle "playchess.com"]
[Source "ChessBase"]
[SourceQuality "1"]

1. e4 e6 2. d4 d5 3. Nc3 Bb4 4. e5 c5 5. a3 Bxc3+ 6. bxc3 Ne7 7. Qg4 Qc7 8. Qxg7 Rg8 9. Qxh7 cxd4 10. Ne2 Nbc6 11. f4 dxc3 12. h4 Bd7 13. h5 O-O-O 14. Qd3 d4 15. h6 Rg6 16. h7 Rh8 17. Nxd4 Nxd4 18. Qxd4 b6 19. Rh3 Nf5 20. Qb4 Rg3 21. Rxg3 Nxg3 22. Ba6+ Kb8 23. Kf2 Nh1+ 24. Kg1 Rxh7 25. Qf8+ Bc8 26. Be3 Ng3 27. Kf2 Ne4+ 28. Kf3 f5 29. exf6 Nd6 30. Rd1 Qc6+ 31. Kf2 Nb7 32. Bd4 Rh2 33. Be5+ Ka8 34. Bxb7+ Kxb7 35. Qg7+ Ka6 36. f7 1-0

[Event "HUN-chT 2018-19"]
[Site "Szombathely"]
[Date "2019.04.27"]
[Round "8.31"]
[White "Kelemen, David"]
[Black "Hajnal, Zoltan"]
[Result "1/2-1/2"]
[WhiteElo "2154"]
[BlackElo "2406"]
[Annotator "ChessBase"]
[PlyCount "53"]
[EventDate "2018.11.16"]
[EventType "team-tourn"]
[EventCountry "HUN"]
[SourceTitle "playchess.com"]
[Source "ChessBase"]
[SourceQuality "1"]

1. e4 e5 2. Nf3 Nc6 3. Bb5 a6 4. Ba4 d6 5. c3 Bd7 6. O-O g6 7. d4 Bg7 8. d5 Nce7 9. Be3 h6 10. Nfd2 f5 11. Bxd7+ Qxd7 12. f3 Nf6 13. c4 c5 14. dxc6 bxc6 15. Nc3 O-O 16. Qe2 Rab8 17. Nb3 Qc7 18. Rac1 Kh7 19. Rfd1 Rfd8 20. Kh1 Qb7 21. Bd2 Kh8 22. Na4 fxe4 23. fxe4 c5 24. Ba5 Rd7 25. Nb6 Rdd8 26. Na4 Rd7 27. Nb6 1/2-1/2

[Event "HUN-chT 2018-19"]
[Site "Szombathely"]
[Date "2019.04.27"]
[Round "8.32"]
[White "Tatar Kis, Szabolcs"]
[Black "Pap, Peter"]
[Result "1/2-1/2"]
[WhiteElo "2375"]
[BlackElo "2117"]
[Annotator "ChessBase"]
[PlyCount "118"]
[EventDate "2018.11.16"]
[EventType "team-tourn"]
[EventCountry "HUN"]
[SourceTitle "playchess.com"]
[Source "ChessBase"]
[SourceQuality "1"]

1. Nf3 Nf6 2. c4 g6 3. Nc3 d5 4. cxd5 Nxd5 5. Qa4+ Bd7 6. Qh4 Nxc3 7. dxc3 Bg7 8. Bh6 Bf6 9. Qg3 Bc6 10. Rd1 Nd7 11. Bf4 Rc8 12. h4 Bxf3 13. Qxf3 c6 14. h5 g5 15. Bc1 Qa5 16. g3 Rd8 17. Bh3 Ne5 18. Rxd8+ Qxd8 19. Qf5 e6 20. Qb1 Qd5 21. O-O g4 22. Bg2 Qc4 23. Re1 h6 24. Be3 Qb5 25. b3 Nd7 26. c4 Qxh5 27. Bxa7 Qa5 28. Be3 h5 29. b4 Qa3 30. b5 O-O 31. bxc6 bxc6 32. Rd1 Ne5 33. Bd4 Qa4 34. Rc1 Nf3+ 35. exf3 Bxd4 36. fxg4 Qa7 37. Qc2 hxg4 38. c5 f5 39. Qc4 Qd7 40. Re1 Rf6 41. Rb1 f4 42. Rb8+ Kg7 43. Qb4 Rf7 44. gxf4 g3 45. Be4 gxf2+ 46. Kf1 e5 47. f5 Qa7 48. Qb3 Qa6+ 49. Bd3 Qa5 50. Qd1 Kf6 51. Re8 Qe1+ 52. Qxe1 fxe1=Q+ 53. Kxe1 Re7 54. Rf8+ Kg7 55. Rc8 e4 56. Bc4 Kf6 57. Rf8+ Kg5 58. Rc8 Kxf5 59. Rxc6 Re5 1/2-1/2

[Event "HUN-chT 2018-19"]
[Site "Szombathely"]
[Date "2019.04.27"]
[Round "8.33"]
[White "Nagy, Zoltan"]
[Black "Horvath, Zsolt"]
[Result "1/2-1/2"]
[WhiteElo "2106"]
[BlackElo "2370"]
[Annotator "ChessBase"]
[PlyCount "55"]
[EventDate "2018.11.16"]
[EventType "team-tourn"]
[EventCountry "HUN"]
[SourceTitle "playchess.com"]
[Source "ChessBase"]
[SourceQuality "1"]

1. e4 c6 2. d4 d5 3. exd5 cxd5 4. c4 Nf6 5. Nc3 Nc6 6. Nf3 Be6 7. c5 g6 8. Bb5 Bg7 9. Ne5 Bd7 10. Bxc6 bxc6 11. O-O O-O 12. Re1 Be8 13. Be3 Kh8 14. Rb1 Ng8 15. f4 f6 16. Nf3 Nh6 17. b4 Nf5 18. Bf2 Qc7 19. g3 h5 20. a4 Rb8 21. Qd3 Bd7 22. Kg2 Rfe8 23. b5 Kh7 24. h3 Nh6 25. Nh4 Nf5 26. Nf3 Nh6 27. Nh4 Nf5 28. Nf3 1/2-1/2

[Event "HUN-chT 2018-19"]
[Site "Szombathely"]
[Date "2019.04.27"]
[Round "8.34"]
[White "Szalai, Kornel"]
[Black "Bernath, Robert"]
[Result "1-0"]
[WhiteElo "2397"]
[BlackElo "2077"]
[Annotator "ChessBase"]
[PlyCount "55"]
[EventDate "2018.11.16"]
[EventType "team-tourn"]
[EventCountry "HUN"]
[SourceTitle "playchess.com"]
[Source "ChessBase"]
[SourceQuality "1"]

1. Nf3 c5 2. e4 Nc6 3. Bb5 d6 4. O-O Bd7 5. c3 a6 6. Ba4 b5 7. Bc2 Bg4 8. d3 Nf6 9. h3 Bh5 10. Nbd2 e5 11. Re1 h6 12. Nf1 g5 13. Ng3 Bg6 14. d4 Nh5 15. Nxh5 Bxh5 16. g4 Bg6 17. a4 Rb8 18. d5 Ne7 19. axb5 axb5 20. c4 Bg7 21. cxb5 Kf8 22. Bd3 f6 23. Qe2 Be8 24. Be3 Bd7 25. Ra6 Nc8 26. Nd2 Qe8 27. Nc4 Ke7 28. Nxd6 1-0

[Event "HUN-chT 2018-19"]
[Site "Szombathely"]
[Date "2019.04.27"]
[Round "8.35"]
[White "Valyi, Blanka Borbala"]
[Black "Juhasz, Barbara"]
[Result "1/2-1/2"]
[WhiteElo "1852"]
[BlackElo "2214"]
[Annotator "ChessBase"]
[PlyCount "66"]
[EventDate "2018.11.16"]
[EventType "team-tourn"]
[EventCountry "HUN"]
[SourceTitle "playchess.com"]
[Source "ChessBase"]
[SourceQuality "1"]

1. d4 Nf6 2. Nf3 g6 3. c4 Bg7 4. g3 O-O 5. Bg2 d6 6. Nc3 Nbd7 7. O-O e5 8. e4 exd4 9. Nxd4 Re8 10. Re1 a6 11. h3 Rb8 12. Be3 Ne5 13. b3 c5 14. Nc2 b5 15. Qe2 bxc4 16. bxc4 Be6 17. Nd5 Bxd5 18. cxd5 Qa5 19. Rab1 Qa4 20. Bf4 Nh5 21. Bxe5 Bxe5 22. Ne3 Bd4 23. Kh2 Bxe3 24. Qxe3 Rxb1 25. Rxb1 Qxa2 26. Rb6 Rd8 27. e5 dxe5 28. Qxc5 Ng7 29. Qc7 Rf8 30. Qc5 a5 31. Ra6 a4 32. Qa7 Nf5 33. Rxa4 Qd2 1/2-1/2

[Event "HUN-chT 2018-19"]
[Site "Szombathely"]
[Date "2019.04.27"]
[Round "8.36"]
[White "Udvardi, Zalan"]
[Black "Arato, Daniel"]
[Result "1-0"]
[WhiteElo "2230"]
[BlackElo "1727"]
[Annotator "ChessBase"]
[PlyCount "107"]
[EventDate "2018.11.16"]
[EventType "team-tourn"]
[EventCountry "HUN"]
[SourceTitle "playchess.com"]
[Source "ChessBase"]
[SourceQuality "1"]

1. e4 c5 2. c3 e6 3. d4 d5 4. exd5 exd5 5. Nf3 Nf6 6. Bb5+ Bd7 7. Bxd7+ Nbxd7 8. O-O Be7 9. Qb3 Qc7 10. Re1 c4 11. Qc2 Ne4 12. Nbd2 f5 13. b3 cxb3 14. Qxb3 Nb6 15. Nxe4 fxe4 16. Ne5 O-O 17. Rxe4 Bd6 18. Re2 Rae8 19. Ba3 Bxa3 20. Qxa3 a6 21. Rae1 Nc4 22. Qb4 Nxe5 23. dxe5 Rc8 24. Re3 Rce8 25. Qd4 Qf7 26. Rf3 Qe6 27. Rd3 Rd8 28. Rde3 Rf5 29. c4 Rff8 30. c5 Rd7 31. Rb3 Rdf7 32. Rb6 Qf5 33. e6 Re7 34. h3 Qc2 35. Rd6 Qxa2 36. Rxd5 Rfe8 37. Rd7 Qa5 38. Re3 h6 39. Qd6 Qa1+ 40. Kh2 Qf6 41. Rd8 Rxd8 42. Qxd8+ Kh7 43. Qd6 a5 44. f4 a4 45. f5 h5 46. Qe5 Qxe5+ 47. Rxe5 Kh6 48. h4 a3 49. Re2 Kh7 50. Kg3 Kg8 51. Kf4 Kf8 52. Ke5 Ke8 53. Kd6 Kd8 54. Ra2 1-0

[Event "HUN-chT 2018-19"]
[Site "Szombathely"]
[Date "2019.04.27"]
[Round "8.36"]
[White "Udvardi, Zalan"]
[Black "Arato, Bela"]
[Result "*"]
[WhiteElo "2159"]
[BlackElo "2095"]
[Annotator "NA"]
[PlyCount "28"]
[EventDate "2018.11.16"]
[EventType "team-tourn"]
[EventCountry "HUN"]
[SourceTitle "playchess.com"]
[Source "ChessBase"]
[SourceQuality "1"]

1. e4 c5 2. c3 e6 3. d4 d5 4. exd5 exd5 5. Nf3 Nf6 6. Bb5+ Bd7 7. Bxd7+ Nbxd7 8. O-O Be7 9. Qb3 Qc7 10. Re1 c4 11. Qc2 Ne4 12. Nbd2 f5 13. b3 cxb3 14. Qxb3 Nb6 *

[Event "HUN-chT 2018-19"]
[Site "Szombathely"]
[Date "2019.04.27"]
[Round "8.37"]
[White "Horvath, Adam"]
[Black "Balogh, Csaba"]
[Result "1/2-1/2"]
[WhiteElo "2493"]
[BlackElo "2629"]
[Annotator "TA"]
[PlyCount "58"]
[EventDate "2018.11.16"]
[EventType "team-tourn"]
[EventCountry "HUN"]
[SourceTitle "playchess.com"]
[Source "ChessBase"]
[SourceQuality "1"]

{[%evp 13,58,17,22,18,21,21,4,3,16,25,20,0,2,-12,-7,-7,-9,-7,3,0,0,0,0,0,11,7,22,0,0,0,0,0,0,0,0,0,0,0,0,0,0,0,0,-3,0,0,0]} 1. e4 e5 2. Nf3 Nc6 3. Bc4 Bc5 4. d3 Nf6 5. O-O O-O 6. h3 d6 7. c3 a6 8. Bb3 {C54: Giuoco Piano: 4 c3 Nf6, main lines with 5 d4 and 5 d3} h6 9. Nbd2 Re8 10. Re1 Be6 11. Bxe6 (11. Nf1 d5 12. Ng3 Qd7 13. exd5 Bxd5 14. Bc2 Rad8 {0-1 (46) Amin,B (2710)-Mamedyarov,S (2817) St Petersburg 2018}) 11... Rxe6 12. Nf1 {The position is equal.} d5 13. Ng3 $146 (13. Qc2 {is more complex.} Qd7 14. Be3 Bf8 15. Rad1 Rd8 16. Ng3) ({Predecessor:} 13. Qc2 Qd7 14. Ng3 a5 15. Bd2 Rae8 16. Rad1 Bf8 17. Nf5 Kh7 18. g4 {½-½ (50) Gunnarsson,J (2454)-Steingrimsson,H (2574) Reykjavik 2016}) 13... dxe4 14. dxe4 Qxd1 15. Rxd1 a5 16. a4 Ree8 17. Kf1 Red8 18. Rxd8+ Rxd8 19. Ke2 Ne8 (19... Nd7 {seems wilder.} 20. Ne1 Ne7 21. Nd3 f6 22. Nf1 Kf7) 20. Be3 (20. Ne1 {feels hotter.} Bf8 21. Nd3 g6 22. f3 f6 23. Nf1) 20... Bxe3 21. Kxe3 Nd6 22. Nd2 f6 23. Ke2 Kf7 24. Ngf1 Nb8 25. f3 Na6 26. Nb3 Nc4 27. Rb1 b6 28. Ne3 Nxe3 29. Kxe3 Ke6 {Accuracy: White = 84%, Black = 71%.} 1/2-1/2

[Event "HUN-chT 2018-19"]
[Site "Szombathely"]
[Date "2019.04.27"]
[Round "8.38"]
[White "Lenic, Luka"]
[Black "Varga, Zoltan"]
[Result "1/2-1/2"]
[WhiteElo "2657"]
[BlackElo "2444"]
[Annotator "TA"]
[PlyCount "43"]
[EventDate "2018.11.16"]
[EventType "team-tourn"]
[EventCountry "HUN"]
[SourceTitle "playchess.com"]
[Source "ChessBase"]
[SourceQuality "1"]

{[%evp 12,43,13,5,8,9,13,5,13,5,5,5,12,4,4,8,13,7,26,18,16,16,10,0,0,0,0,-8,0,-16,0,0,0,-18]} 1. c4 c5 2. Nf3 Nc6 3. d4 cxd4 4. Nxd4 Nf6 5. Nc3 Qb6 6. Nb3 e6 7. e4 Bb4 {A31: Symmetrical English: 2 Nf3 Nf6 3 d4} 8. Bd3 Ne5 9. O-O Qd6 10. Bf4 {[#] Black must now prevent Nb5.} Bxc3 11. bxc3 Qxd3 12. Bxe5 Qxd1 13. Rfxd1 $146 ({Predecessor:} 13. Raxd1 Nxe4 14. Rfe1 f6 15. Rxe4 fxe5 16. Rxe5 b6 17. Nd4 Ba6 18. Nf5 g6 19. Nd6+ Ke7 20. Rd4 {½-½ (20) Mareco,S (2581)-Alekseev,E (2698) Zuerich 2013}) 13... Nxe4 14. Bxg7 Rg8 15. Bd4 b6 {The position is equal.} 16. f3 Nd6 17. c5 Nc4 18. Bf2 Bb7 {[#] And now ...Bxf3 would win.} 19. Rd4 b5 20. Kf1 e5 21. Rh4 Rg7 22. a4 1/2-1/2

[Event "HUN-chT 2018-19"]
[Site "Szombathely"]
[Date "2019.04.27"]
[Round "8.39"]
[White "Meszaros, Tamas"]
[Black "Erdos, Viktor"]
[Result "1-0"]
[WhiteElo "2391"]
[BlackElo "2604"]
[Annotator "TA"]
[PlyCount "79"]
[EventDate "2018.11.16"]
[EventType "team-tourn"]
[EventCountry "HUN"]
[SourceTitle "playchess.com"]
[Source "ChessBase"]
[SourceQuality "1"]

{[%evp 9,79,8,14,14,18,17,19,21,27,26,34,9,27,0,4,4,0,0,0,4,4,9,2,2,6,0,0,0,0,0,0,0,0,0,0,0,0,-6,-8,-8,-12,-56,-55,-59,-67,-102,-94,-88,-87,-107,-90,-150,-62,-66,-46,-59,-56,-51,-40,-135,-136,-120,-130,-128,-131,-126,-111,-104,-115,-112,-84,-87]} 1. e4 c5 2. Nf3 d6 3. Bb5+ Nd7 4. O-O a6 5. Bd3 Ngf6 6. c3 {B51: Sicilian: Moscow Variation (3 Bb5+) without 3...Bd7} (6. Re1 e6 7. c3 b5 8. Bc2 c4 9. a4 Bb7 10. d4 cxd3 11. Qxd3 Nc5 12. Qe2 bxa4 {½-½ (63) Amin,B (2709)-Cheparinov,I (2711) Germany 2019}) 6... b5 7. Bc2 Bb7 8. Re1 {The position is equal.} e5 9. d4 Be7 10. Nbd2 O-O 11. Nf1 cxd4 12. cxd4 exd4 13. Nxd4 {[#]} Re8 $146 14. Nf5 Bf8 15. Nxd6 Bxd6 16. Qxd6 Bxe4 17. Bb3 Ne5 18. Qxd8 Raxd8 19. Bg5 {Strongly threatening Bxf6.} Nd3 $36 {[%mdl 2048] Black fights for an advantage.} 20. Re2 Bg6 21. Bxf6 gxf6 22. Rd2 Nf4 23. Rxd8 Ne2+ 24. Kh1 Rxd8 25. Rd1 (25. h4 {feels hotter.} Rd3 26. Re1 Nd4 27. Bd1 Bf5 28. Kg1) 25... Rxd1 26. Bxd1 $15 {[%mdl 4096] Endgame KBN-KBN} Nc1 $1 27. a3 Nd3 $1 {[%csl LRb2,LRf2]} 28. Ne3 Nxb2 29. Bb3 Nd3 30. f3 {[#]} (30. Kg1 $142) 30... Nc1 (30... a5 $1 $17 {White must now prevent ...a4.} 31. Nd5 a4) 31. Bd1 $1 a5 32. Nd5 Kg7 33. Kg1 Nd3 34. Be2 {[#]} ({White should try} 34. Kf1 $1 $15) 34... b4 $1 $17 {[%cal Rb4a3]} 35. axb4 Nxb4 36. Nb6 Bd3 37. Kf2 Kg6 {Black is better.} 38. Bxd3+ Nxd3+ 39. Ke3 Ne1 40. g3 {[%mdl 32768] Accuracy: White = 60%, Black = 73%. . Loss on time!?} 1-0

[Event "HUN-chT 2018-19"]
[Site "Szombathely"]
[Date "2019.04.27"]
[Round "8.40"]
[White "Ragger, Markus"]
[Black "Horvath, Tamas"]
[Result "*"]
[WhiteElo "2687"]
[BlackElo "2339"]
[Annotator "TA"]
[PlyCount "40"]
[EventDate "2018.11.16"]
[EventType "team-tourn"]
[EventCountry "HUN"]
[SourceTitle "playchess.com"]
[Source "ChessBase"]
[SourceQuality "1"]

{[%evp 23,40,32,37,27,49,22,38,39,53,51,93,59,92,75,87,77,99,67,71]} 1. d4 Nf6 2. c4 e6 3. Nf3 c5 4. d5 d6 5. Nc3 exd5 6. cxd5 g6 7. e4 a6 8. a4 Bg4 9. Be2 Bxf3 10. Bxf3 Bg7 11. O-O O-O 12. Be2 Nbd7 13. Be3 {A70: Modern Benoni: 6 e4 g6 7 Nf3} (13. Qc2 Rb8 14. Bf4 Qe7 15. a5 h5 16. h3 Rfe8 17. Ra4 Nh7 18. Be3 Nhf8 19. Qd2 Rec8 20. Rc1 Rc7 {½-½ (30) Gundavaa,B (2500)-Grigoryan,A (2577) Jakarta 2013}) 13... Qe7 14. f3 Ne8 15. Qd2 Rc8 $146 ({Predecessor:} 15... Nc7) 16. Rfe1 Nef6 17. Bf1 h5 18. Kh1 Rfe8 19. a5 Kh7 20. Rac1 Qf8 *

[Event "HUN-chT 2018-19"]
[Site "Szombathely"]
[Date "2019.04.27"]
[Round "8.40"]
[White "Markus, Robert"]
[Black "Horvath, Tamas"]
[Result "1-0"]
[WhiteElo "2610"]
[BlackElo "2339"]
[Annotator "TA"]
[PlyCount "107"]
[EventDate "2018.11.16"]
[EventType "team-tourn"]
[EventCountry "HUN"]
[SourceTitle "playchess.com"]
[Source "ChessBase"]
[SourceQuality "1"]

{[%evp 23,107,33,50,17,43,13,41,37,58,56,90,46,90,86,79,89,102,76,81,76,69,35,41,38,48,47,55,52,67,57,62,60,101,96,89,116,128,127,162,123,162,136,162,139,163,142,168,150,164,163,162,165,162,163,174,148,151,81,62,72,234,236,231,239,214,0,0,0,483,525,239,8,14,8,8,16,718,718,29973,29974,29959,29960,29957,29952,29945,5114]} 1. d4 Nf6 2. c4 e6 3. Nf3 c5 4. d5 d6 5. Nc3 exd5 6. cxd5 g6 7. e4 a6 8. a4 Bg4 9. Be2 Bxf3 10. Bxf3 Bg7 11. O-O O-O 12. Be2 Nbd7 13. Be3 {A70: Modern Benoni: 6 e4 g6 7 Nf3} (13. Qc2 Rb8 14. Bf4 Qe7 15. a5 h5 16. h3 Rfe8 17. Ra4 Nh7 18. Be3 Nhf8 19. Qd2 Rec8 20. Rc1 Rc7 {½-½ (30) Gundavaa,B (2500)-Grigoryan,A (2577) Jakarta 2013}) 13... Qe7 14. f3 Ne8 15. Qd2 {White is slightly better.} Rc8 $146 ({Predecessor:} 15... Nc7) 16. Rfe1 Nef6 17. Bf1 h5 18. Kh1 Rfe8 19. a5 Kh7 20. Rac1 Qf8 21. Nd1 {[%cal Bc3d1,Bd1e3,Be3c4][%mdl 32]} Bh6 22. b4 (22. Rc3 {keeps more tension.} Ne5 23. Bxh6 Qxh6 24. Qxh6+ Kxh6 25. Rb3) 22... cxb4 23. Rxc8 Rxc8 24. Qxb4 Bxe3 25. Nxe3 Nc5 26. Nc4 Nfd7 27. f4 f6 28. g3 Re8 29. Qb1 $1 Qe7 {[%cal Rc5e4]} 30. Bg2 Kg7 31. h3 Qf8 32. Qd1 Qe7 33. Qd4 Kg8 34. Re3 Kg7 35. Kh2 Kh7 36. h4 Kg7 37. Bh3 Kh7 38. Re2 Kg7 39. Qb2 Kh7 40. Bxd7 (40. f5 $142) 40... Qxd7 $16 41. Qc2 Kh6 $2 (41... Re7 $16) 42. e5 $1 $18 dxe5 43. fxe5 Qxd5 {[#]} 44. exf6 $2 (44. Rd2 $1 $18 {[%cal Rd2d5]} Qc6 45. Nd6) 44... Rxe2+ $1 $11 45. Qxe2 {Strongly threatening Qe8.} Qd3 $2 {[%mdl 8192]} (45... Ne4 $11 {and Black stays safe.}) 46. Qxd3 $18 Nxd3 {[%mdl 4096] Endgame [#] KN-KN} 47. Nd6 $2 (47. Kg2 $1 $18) 47... Nc5 48. Kg2 {Threatens to win with Kf3.} Nd7 49. Nxb7 {Hoping for Kf3.} g5 $2 {[%mdl 8192]} (49... Nxf6 $11 50. Kf3 (50. Nc5 Nd5 $11) 50... Ng8) 50. hxg5+ Kxg5 51. f7 {White mates.} Kf6 {[#]} 52. Nc5 $1 {[%cal Rc5d7][%mdl 512]} Nf8 (52... Nxc5 53. f8=Q+) 53. Nxa6 Kxf7 54. Nc5 {Accuracy: White = 59%, Black = 24%.} (54. Nc7 $142 Nd7 55. a6 Nb6 56. a7 Kg6 57. Kh3 Kg5 58. a8=Q Nxa8 59. Nxa8) 1-0

[Event "HUN-chT 2018-19"]
[Site "Szombathely"]
[Date "2019.04.27"]
[Round "8.41"]
[White "Horvath, Gyula"]
[Black "Banusz, Tamas"]
[Result "0-1"]
[WhiteElo "2320"]
[BlackElo "2614"]
[Annotator "TA"]
[PlyCount "50"]
[EventDate "2018.11.16"]
[EventType "team-tourn"]
[EventCountry "HUN"]
[SourceTitle "playchess.com"]
[Source "ChessBase"]
[SourceQuality "1"]

{[%evp 15,50,0,0,-52,-46,-50,-56,-67,-36,-50,-32,-66,-75,-85,-62,-62,-55,-55,-55,-58,-63,-57,-59,-59,-50,-60,-59,-113,-79,-127,-122,-122,-120,-128,-131,-158,-127]} 1. c4 Nf6 2. Nf3 c6 3. d4 d5 4. Qc2 g6 5. g3 Bg7 6. Bg2 O-O 7. O-O Bf5 8. Qb3 Qb6 9. Qxb6 {A11: English Opening: 1...c6} (9. Nc3 $11) (9. Nc3 Nbd7 10. cxd5 {½-½ (10) Izzat,K (2473)-Demuth,A (2543) Melbourne 2017}) 9... axb6 $15 10. cxd5 Nxd5 11. Nc3 {Black is slightly better.} Rd8 12. Bg5 Kf8 $146 ({Predecessor:} 12... Be6 13. e4 Nxc3 14. bxc3 Kf8 15. a4 h6 16. Be3 Nd7 17. Rfb1 Ra5 18. d5 cxd5 19. Nd4 Bxd4 20. Bxd4 Rda8 21. exd5 Bxd5 {½-½ (21) Matevosyan,S (2233)-Bagaturov,G (2427) Jermuk 2014}) 13. Rfd1 Nxc3 14. bxc3 b5 15. e4 Bxe4 16. Re1 h6 17. Bxe7+ Kxe7 18. Rxe4+ Kf8 19. Re2 Ra3 20. Rc1 Na6 21. c4 ({White should try} 21. Rb2 $15) 21... Nc7 22. d5 bxc4 {[%cal Bb5c4,Bc4c3][%mdl 32]} ({Much less strong is} 22... cxd5 23. cxd5 Ne8 24. Rc5 $15) 23. dxc6 b5 ({Of course not} 23... bxc6 $6 24. Rxc4 Rd6 25. Ne1 $11) 24. h4 Bf6 25. Rcc2 c3 {Accuracy: White = 31%, Black = 80%.} 0-1